000 00584pam a2200241 a 4500
001 2314035
005 20180306063946.0
008 810420s1982 mdua d 000 0 eng
010 _a 81003021
020 _a0683079158
040 _aDLC
_cDLC
_dDLC
041 _aeng
060 _aW 13 S812m
080 _a610.321 ste
082 0 0 _a610.321 ste
100 1 _a4
101 _ashm
240 1 0 _aMedical dictionary
245 1 0 _aStedman's Medical dictionary.
740 0 _aMedical dictionary.
906 _a7
_bcbc
_corignew
_d1
_eocip
_f19
_gy-gencatlg
942 _2ddc
_cBK
999 _c44163
_d44163